MESTSKÁ KNIŽNICA GIRALTOVCE  - online katalóg 

Funkčná endoskopická chirurgia prinosových dutín (Record no. 19943)

000 -NÁVESTIE
fixed length control field 00718nam a2200217 a 4500
008 - ÚDAJE S PEVNOU DĹŽKOU – VŠEOBECNÉ INFORMÁCIE
fixed length control field 010530s2001 m yxo aa r y 0 slo c
020 ## - MEDZINÁRODNÉ ŠTANDARDNÉ ČÍSLO KNIHY (ISBN)
Medzinárodné štandardné číslo knihy (ISBN) 8090048242
Údaje o dostupnosti Dar
040 ## - ZDROJ KATALOGIZÁCIE
Pôvodná katalogizujúca agentúra SNK
Jazyk katalogizácie slo
Prepisujúca agentúra SNK
Konvencie popisu AACR2
041 1# - KÓD JAZYKA
Kód jazyka textu/zvukovej stopy alebo samostatných nápisov slo
-- cze
044 ## - KÓD KRAJINY VYDAVATEĽA/PRODUCENTA
Kód krajiny MARC xo
Kód krajiny ISO SK
080 ## - ČÍSLO MEDZINÁRODNÉHO DESATINNÉHO TRIEDENIA (MDT)
Číslo Medzinárodného desatinného triedenia (MDT) 616-21:617.5-089
100 1# - OSOBNÉ MENÁ – VŠEOBECNÉ INFORMÁCIE
Osobné meno Sičák, Marián
Kód roly aut
245 10 - NÁZOV
Názov Funkčná endoskopická chirurgia prinosových dutín
Údaj o zodpovednosti atď. Marián Sičák
260 ## - VYDAVATEĽSKÉ ÚDAJE, DISTRIBÚCIA ATĎ.
Miesto publikovania, distribúcie atď. Martin
Názov vydavateľa, distibútora atď. Kozák-Press
Dátum publikovania, distribúcie atď. 2001
300 ## - FYZICKÝ POPIS
Rozsah 126 s.
Ďalšie fyzické detaily fareb. fotogr.
Rozmery 28 cm
500 ## - VŠEOBECNÁ POZNÁMKA
Formátovaná poznámka o obsahu Čiast. text čes.
504 ## -
-- Bibliogr. s. 119-122
650 07 - PRIDANÝ VSTUP – PREDMET – TEMATICKÉ HESLO
Tematické heslo alebo geografický názov ako vstupný prvok otorinolaryngológia
Všeobecný pododdiel chirurgia edoskopická
-- monografie
Zdroj hesla alebo termínu SNK
650 07 - PRIDANÝ VSTUP – PREDMET – TEMATICKÉ HESLO
Tematické heslo alebo geografický názov ako vstupný prvok dutiny prinosové
Všeobecný pododdiel chirurgia endoskopická
-- monografie
Zdroj hesla alebo termínu SNK
958 ## - Formálny deskriptor
Formálny deskriptor APP
Holdings
Stav stiahnutia (Blokovanie) (Withrawn status) Stav straty Zdroj klasifikácie pre skladovanie Stav poškodenia (Damaged status) Nie pre výpožičky (Not for loan) Spôsob nadobudnutia (Collection code) Trvalé umiestnenie Aktuálne umiestnenie Dátum nadobudnutia Inventárne číslo (prírastkové číslo) Celkom výpožičky Full call number Čiarový kód Dátum posledného výskytu Dátum poslednej výpôžičky Cena s účinnosťou od Typ jednotky Koha
          Dar Mestská knižnica Giraltovce Mestská knižnica Giraltovce 2019-11-29 18428 1 V297 V297 2021-08-02 2020-10-07 2019-11-29 Odborná literatúra pre dospelých

Powered by Koha